000 nam a22 7a 4500
999 _c7930
_d7930
008 171113b xxu||||| |||| 00| 0 eng d
020 _a9788125040446
100 _aPhilip, Thangam
_94394
245 _aModern Cookery for teaching and the trade
250 _a6th edition
260 _aNew delhi
_bOrient black swan
_c1974